000 00683nam a2200181Ia 4500
008 090124s9999 xx 000 0 und d
082 _b10041
100 _aओक गजानन बाऴकृष्ण
245 _a कुंडली रहस्य दर्पण
250 _a0
260 _bबलवन्त पुस्तक भाण्डार मुंबई
_c1974
300 _a69
600 _aओक गजानन बाऴकृष्ण
630 _a कुंडली रहस्य दर्पण
700 _aओक गजानन बाऴकृष्ण
730 _a कुंडली रहस्य दर्पण
942 _cBOOK
999 _c86778
_d86778